000 00717nam a2200277 a 4500
001 000115471
003 CHAP
005 20231027133517.0
008 190528s2006 mx |r| ||||||spa d
010 _a111932
011 _a112904
020 _a9789707821606
040 _cCHAP
082 0 4 _a160
_bG88 2006
100 0 0 _aGutiérrez Sáenz, Raúl
_951837
245 1 0 _aIntroducción a la lógica /
_cpor Raúl Gutíerrez Sáenz.
250 _a9 ed.
260 _aMéxico, D.F. :
_bEsfinge,
_c2006.
300 _a355 p.
590 _aE5765TAJ
_b05
_c20190528
_lUCH01
_h0951
590 _aE5765TAJ
_b05
_c20190528
_lUCH01
_h0954
650 1 4 _aLógica.
_967611
901 _aBK
942 _cLIBRO
942 _n0
999 _c111932
_d111932